000 00361 a2200121 4500
001 ART_18105
005 20260410161924.0
008 260409a
245 1 0 _aMerger policy with merger choice
100 1 _aWhinston, Michael D.
700 1 _aNocke, Volker
773 0 _tThe American Economic Review
_g- Vol. 103, NÂș 2 (abr. 2013)
_wREV16190
999 _c28019
_d28019